| 000 | 01529nam a2200385 a 4500 | ||
|---|---|---|---|
| 001 | ebr10392769 | ||
| 003 | CaPaEBR | ||
| 006 | m u | ||
| 007 | cr cn||||||||| | ||
| 008 | 991209s2000 enka sb 001 0 eng | ||
| 010 | _z 99085719 | ||
| 020 | _z0761959173 | ||
| 020 | _z0761959181 (pbk.) | ||
| 020 | _z9780761959175 | ||
| 020 | _z9780857026323 (e-book) | ||
| 040 |
_aCaPaEBR _cCaPaEBR |
||
| 035 | _a(OCoLC)646067967 | ||
| 050 | 1 | 4 |
_aHD31 _b.B585 2000eb |
| 245 | 0 | 0 |
_aBody and organization _h[electronic resource] / _cedited by John Hassard, Ruth Holliday and Hugh Willmott. |
| 260 |
_aLondon ; _aThousand Oaks, Calif. : _bSage, _c2000. |
||
| 300 |
_aix, 254 p. : _bill. |
||
| 500 | _aA collection of 12 scholarly papers. | ||
| 504 | _aIncludes bibliographical references and index. | ||
| 505 | 0 | _apt. 1. Functions and flows -- pt. 2. Discourse and representation -- pt. 3. Performance and regulation -- pt. 4. Self and identity. | |
| 533 |
_aElectronic reproduction. _bPalo Alto, Calif. : _cebrary, _d2013. _nAvailable via World Wide Web. _nAccess may be limited to ebrary affiliated libraries. |
||
| 650 | 0 | _aOrganization. | |
| 650 | 0 | _aIndustrial organization. | |
| 650 | 0 | _aHuman body. | |
| 655 | 7 |
_aElectronic books. _2local |
|
| 700 | 1 |
_aHassard, John, _d1953- |
|
| 700 | 1 | _aHolliday, Ruth. | |
| 700 | 1 | _aWillmott, Hugh. | |
| 710 | 2 | _aebrary, Inc. | |
| 856 | 4 | 0 |
_uhttp://site.ebrary.com/lib/rucke/Doc?id=10392769 _zAn electronic book accessible through the World Wide Web; click to view |
| 999 |
_c191160 _d191160 |
||